<?xml version="1.0" encoding="UTF-8"?>
<marc:record xmlns:marc="http://www.loc.gov/MARC21/slim">
   <marc:leader>00000nam a2200000 a 4500</marc:leader>
   <marc:datafield ind1="1" ind2=" " tag="100">
      <marc:subfield code="a">Dorsch, Marianne</marc:subfield>
      <marc:subfield code="4">aut</marc:subfield>
      <marc:subfield code="e">Verfasser/-in</marc:subfield>
   </marc:datafield>
   <marc:datafield ind1=" " ind2=" " tag="653">
      <marc:subfield code="a">Alltag/Praktische Anleitungen</marc:subfield>
   </marc:datafield>
   <marc:datafield ind1=" " ind2=" " tag="653">
      <marc:subfield code="a">geschenkidee oma</marc:subfield>
   </marc:datafield>
   <marc:datafield ind1=" " ind2=" " tag="653">
      <marc:subfield code="a">geschenkidee opa</marc:subfield>
   </marc:datafield>
   <marc:datafield ind1=" " ind2=" " tag="653">
      <marc:subfield code="a">geschenkidee altenpfleger</marc:subfield>
   </marc:datafield>
   <marc:datafield ind1=" " ind2=" " tag="653">
      <marc:subfield code="a">geschenk pflegekraft</marc:subfield>
   </marc:datafield>
   <marc:datafield ind1=" " ind2=" " tag="653">
      <marc:subfield code="a">buch pflegefachkraft</marc:subfield>
   </marc:datafield>
   <marc:datafield ind1=" " ind2=" " tag="653">
      <marc:subfield code="a">senioren vorlesen</marc:subfield>
   </marc:datafield>
   <marc:datafield ind1=" " ind2=" " tag="653">
      <marc:subfield code="a">alte leute unterhalten buch</marc:subfield>
   </marc:datafield>
   <marc:datafield ind1=" " ind2=" " tag="653">
      <marc:subfield code="a">buch senioren interaktiv</marc:subfield>
   </marc:datafield>
   <marc:datafield ind1=" " ind2=" " tag="653">
      <marc:subfield code="a">geschichten für alte menschen</marc:subfield>
   </marc:datafield>
   <marc:datafield ind1=" " ind2=" " tag="653">
      <marc:subfield code="a">demenz vorbeugen buch</marc:subfield>
   </marc:datafield>
   <marc:datafield ind1=" " ind2=" " tag="653">
      <marc:subfield code="a">dementen menschen helfen buch</marc:subfield>
   </marc:datafield>
   <marc:datafield ind1=" " ind2=" " tag="653">
      <marc:subfield code="a">demente menschen unterhalten</marc:subfield>
   </marc:datafield>
   <marc:datafield ind1=" " ind2=" " tag="653">
      <marc:subfield code="a">demente menschen fördern</marc:subfield>
   </marc:datafield>
   <marc:datafield ind1=" " ind2=" " tag="653">
      <marc:subfield code="a">demente fordern</marc:subfield>
   </marc:datafield>
   <marc:datafield ind1=" " ind2=" " tag="653">
      <marc:subfield code="a">großeltern helfen buch</marc:subfield>
   </marc:datafield>
   <marc:datafield ind1=" " ind2=" " tag="653">
      <marc:subfield code="a">lustiges buch großeltern</marc:subfield>
   </marc:datafield>
   <marc:datafield ind1=" " ind2=" " tag="653">
      <marc:subfield code="a">spaß mit oma und opa</marc:subfield>
   </marc:datafield>
   <marc:datafield ind1=" " ind2=" " tag="653">
      <marc:subfield code="a">alzheimer buch</marc:subfield>
   </marc:datafield>
   <marc:datafield ind1=" " ind2=" " tag="653">
      <marc:subfield code="a">alzheimer betroffenen helfen buch</marc:subfield>
   </marc:datafield>
   <marc:datafield ind1="0" ind2="0" tag="245">
      <marc:subfield code="a">Aufpassgeschichten für Senioren</marc:subfield>
   </marc:datafield>
   <marc:datafield ind1="0" ind2="0" tag="245">
      <marc:subfield code="b">50 einfühlsame Erzählungen zum Erinnern, Erzählen und Aktivieren bei Demenz und Gedächtnistraining für Oma und Opa</marc:subfield>
   </marc:datafield>
   <marc:datafield ind1="0" ind2="0" tag="245">
      <marc:subfield code="c">Marianne Dorsch</marc:subfield>
   </marc:datafield>
   <marc:datafield ind1=" " ind2="1" tag="264">
      <marc:subfield code="a">Hamburg</marc:subfield>
      <marc:subfield code="b">Eulogia Verlags GmbH</marc:subfield>
      <marc:subfield code="c">2025</marc:subfield>
   </marc:datafield>
   <marc:datafield ind1=" " ind2=" " tag="250">
      <marc:subfield code="a">Originale Erstausgabe</marc:subfield>
   </marc:datafield>
   <marc:datafield ind1="1" ind2=" " tag="520">
      <marc:subfield code="a">
Erinnerungen, die bleiben – 50 Geschichten aus dem Herzen

Erinnerungen, die bleiben – 50 Geschichten aus dem Herzen

Als Angehörige, Pflegekräfte und Betreuer wissen Sie, wie wichtig es ist, in herausfordernden Momenten die positiven Seiten des Lebens zu betonen – besonders, wenn ältere Menschen mit Demenz, Depression oder anderen Einschränkungen zu kämpfen haben. „Erinnerungen, die bleiben“ bietet Ihnen einfühlsame und authentische Geschichten, die nicht nur das Herz erwärmen, sondern auch dazu beitragen, wertvolle Momente lebendig zu halten und das Wohlbefinden Ihrer Lieben zu fördern.

Ein Buch, das berührt und verbindet

Stellen Sie sich vor, wie ein einfaches Vorlesen oder gemeinsames Betrachten dieser 50 liebevoll erzählten Geschichten einen Lichtblick in den Alltag bringen kann. Diese Erzählungen öffnen Fenster zur Vergangenheit und wecken Erinnerungen an schöne, unbeschwerte Zeiten – Momente, die in Zeiten von Unsicherheit und Traurigkeit Trost und Freude spenden.

Was „Erinnerungen, die bleiben“ für Sie bereithält:

Einfühlsame Geschichten: Jede Erzählung wurde so gestaltet, dass sie Erinnerungen an glückliche Kindheitstage, besondere Feste und humorvolle Alltagsmomente wachruft – eine wichtige emotionale Stütze für ältere Menschen.

Förderung von Verbundenheit: Die Geschichten bieten Ihnen ein wertvolles Werkzeug, um Gespräche anzuregen und den Austausch zwischen älteren Menschen, ihren Angehörigen und dem Pflegepersonal zu fördern.

Einfach zugängliche Lektüre: Klare, berührende und leicht verständliche Texte eignen sich ideal als Vorlesematerial – sei es im Pflegeheim, in der Familie oder in therapeutischen Sitzungen.

Ideales Geschenk und Helfer: Überraschen Sie Kollegen, Familienmitglieder oder Bewohner mit einem Buch, das den Alltag mit schönen Erinnerungen und positiver Energie füllt – ein Zeichen Ihrer liebevollen Betreuung.

Für wen ist dieses Buch gemacht?

„Erinnerungen, die bleiben“ richtet sich an alle, die täglich mit den Herausforderungen im Umgang mit älteren Menschen umgehen – insbesondere bei Demenz, Depression oder ähnlichen Belastungen. Es unterstützt Sie dabei, durch das Teilen von Erinnerungen positive Emotionen zu wecken und die Lebensqualität derjenigen zu verbessern, die Ihnen am Herzen liegen.

Schlagen Sie die Seiten auf, lesen Sie gemeinsam mit Ihren Lieben oder nutzen Sie es als wertvolles Werkzeug in Ihrer täglichen Betreuung. Lassen Sie die Geschichten auf sich wirken und erleben Sie, wie kleine, berührende Momente den Alltag erhellen und Trost spenden – denn jeder liebevoll erzählte Moment zählt.

</marc:subfield>
   </marc:datafield>
   <marc:datafield ind1=" " ind2=" " tag="020">
      <marc:subfield code="a">9783969675427</marc:subfield>
      <marc:subfield code="9">9783969675427</marc:subfield>
   </marc:datafield>
   <marc:datafield ind1=" " ind2=" " tag="020">
      <marc:subfield code="a">3969675421</marc:subfield>
      <marc:subfield code="9">3969675421</marc:subfield>
   </marc:datafield>
   <marc:datafield ind1=" " ind2=" " tag="041">
      <marc:subfield code="a">ger</marc:subfield>
   </marc:datafield>
   <marc:datafield ind1=" " ind2=" " tag="300">
      <marc:subfield code="a">133 Seiten</marc:subfield>
   </marc:datafield>
</marc:record>
